| 000 | 00666nam a2200205 a 4500 | ||
|---|---|---|---|
| 005 | 20230610063537.0 | ||
| 008 | 991125s1997 bue 000 0 spa u | ||
| 020 | _a950701246X | ||
| 035 | _aUPN01000025219 | ||
| 049 | _aCG | ||
| 050 | 4 |
_aLA548.7 _bF72 1997 |
|
| 245 | 0 | 0 |
_aFracaso escolar : _bel éxito prohibido : una investigación sobre el fracaso escolar en áreas urbano-marginales / _cCarlos A. Oyola ... [et al.]. |
| 260 |
_aBuenos Aires : _bAique, _c1997. |
||
| 300 | _a239 p. | ||
| 440 | 0 | _aTransversal | |
| 650 | 2 |
_aEducación _zRío Negro, Argentina _918025 |
|
| 650 | 4 |
_aFracaso escolar _94966 |
|
| 700 | 1 |
_aOyola, Carlos A., _ecoaut. |
|
| 905 | _aLibro | ||
| 999 |
_c25219 _d25219 |
||